| 000 | 01498nam0a2200373 4500 | ||
|---|---|---|---|
| 001 | RU\NLR\bibl\90067 | ||
| 005 | 20260406063857.0 | ||
| 010 |
_a5-247-03785-5 _911030 |
||
| 020 |
_aRU _b98-30829 _9Книжная летопись |
||
| 021 |
_aRU _b98-22717 _91072 |
||
| 035 | _a(NLR Aleph) 000088007 | ||
| 090 |
_a492683 _c492683 |
||
| 100 | _a20000410d1998 |||y0rusy50 ca | ||
| 101 | 0 | _arus | |
| 102 | _aRU | ||
| 105 | _aa ||||||||| | ||
| 200 | 1 |
_aГазодобывающее предприятие как сложная система _fИ. С. Никоненко, Ю. Н. Васильев |
|
| 210 |
_aМ. _cНедра _d1998 |
||
| 215 |
_a342,[1] с. _cил. _d22 |
||
| 320 | _aБиблиогр.: с. 337-339 (44 назв.) | ||
| 606 | 0 |
_aЕстественные газы _xДобыча _xПроектирование _xАвтоматизация _92158296 _3RU\NLR\auth\661299114 |
|
| 610 | 0 | _aГазовая промышленность, предприятия - Управление | |
| 675 |
_a622.324 _v3 _zrus |
||
| 686 |
_a52.47 _2rugasnti |
||
| 686 |
_a33.36 _2rubbk |
||
| 686 | _aИ362-5-02-5-05 | ||
| 700 | 1 |
_aНиконенко _gИван Спиридонович _4070 |
|
| 701 | 1 |
_4070 _8rus _7ca _aВасильев _bЮ. Н. _cд-р техн. наук _gЮрий Николаевич _3RU\NLR\auth\7713803 _9123485 |
|
| 801 | 0 |
_aRU _bRKP _c20000410 _gPSBO |
|
| 801 | 1 |
_aRU _bRKP _c20000410 |
|
| 801 | 2 |
_aRU _bNLR _c20130715 _grcr |
|
| 852 |
_aNLR _j98-5/2071 |
||
| 942 | _cBOOK | ||
| 980 | _aNB | ||